000 00621nam a22002417a 4500
003 UA-OsUOA
001 48790
007 ta
008 20070912b un ||||| |||| 00| 0 ukr d
100 _aНога Г.М.
090 _a82.09
_bН76
942 _cBK
040 _aUA-OsUOA
_bukr
_cUA-OsUOA
_dUA-OsUOA
245 _aЗвичаї тії з давніх школярів бували
300 _a187 с.
955 _a2
041 _aukr
080 _a82.09
020 _a966-7321-98-3
260 _aК.
_c2001
650 7 _a82 Література. Літературознавство
_2UDC
999 _c334897
_d334897